000 00320nam a2200133Ia 4500
005 20260328104245.0
008 260328s9999||||xx |||||||||||||| ||und||
100 _aBingham, Hiran
245 0 _aLa Ciudad Perdida de los Incas /
_cHiran Bingham
260 _bZig-Zag
300 _a373 p.
650 _aPERÚ
942 _cBK
999 _c10033
_d10033